| 000 | 00847nam a22002297a 4500 | ||
|---|---|---|---|
| 999 |
_c9428 _d9428 |
||
| 001 | 9428 | ||
| 003 | BD-JhCC | ||
| 005 | 20180314115459.0 | ||
| 008 | 180314b1998 bg ||||| |||| 00| 0 ben d | ||
| 035 | _a(BD-JhCC)9428 | ||
| 040 |
_aBD-JhCC _dBD-JhCC |
||
| 041 | _aben | ||
| 082 |
_a363.92 _bHAQ 1998 |
||
| 100 | _aহক, ডক্টর খোন্দকার রিয়াজুল | ||
| 245 |
_aসমাজসেবক আলাউদ্দিন আহমেদ : জীবন ও সমাজকল্যাণ / _cডক্টর খোন্দকার রিয়াজুল হক |
||
| 260 |
_aঢাকা : _bলালন পরিষদ কেন্দ্রীয় সংসদ, ঢাকা |
||
| 300 |
_a323 p. : _bii _c21 cm. |
||
| 650 | _aBocial Work | ||
| 650 | _aBiography | ||
| 942 |
_2ddc _cBK |
||